Sanat: "Ihmisen poika" - Yö - Statistics

Yleistilastot
  • Tätä visaa on pelattu 86 kertaa
  • Keskiarvotulos 110 / 151
Vastaustilastot
Vastaus % Oikein
poika
96%
kuin
92%
voi
92%
Voi
92%
ihmisen
90%
kun
90%
90%
Jo
88%
ja
86%
vihaa
86%
isäs
84%
katkeruutta
84%
kunpa
84%
matkas
84%
poikaa
84%
pojan
84%
ajattelemaan
82%
et
82%
onneksi
82%
oppisit
82%
unta
82%
viisaampi
82%
ei
80%
kuinka
80%
milloinkaan
80%
oisit
80%
hän
78%
tuntis
78%
joutavaa
76%
ääntää
73%
kääntää
73%
miehekkäästi
73%
vaan
73%
kiskoo
71%
koituis
71%
kylkeänsä
71%
linnunradallaan
71%
matkaa
71%
nukkuu
71%
siinä
71%
tosiaan
71%
kaunis
69%
pysty
69%
69%
olla
67%
onkaan
67%
katselen
65%
oppimaan
65%
taas
65%
uutta
65%
vuoteessaan
65%
sinä
63%
loit
61%
me
61%
meidät
61%
muuhun
61%
maailmaa
59%
mietin
59%
mutta
59%
sikeää
59%
sinut
59%
taittaa
59%
iltasadun
57%
jää
57%
kaikkivaltias
57%
kehtolaulu
57%
kesken
57%
se
57%
tehtiin
57%
odottaa
55%
saan
55%
teet
55%
ennen
53%
istun
53%
kerran
53%
loppuun
53%
tuhiset
53%
hetken
51%
voimaa
51%
pelkkää
49%
uhkuen
49%
puhkut
47%
kyyneleet
45%
silmänurkkiin
45%
voit
45%
ihmisenpoikaa
43%
kuivuu
43%
aikuisen
41%
murheet
41%
Niin
41%
noin
37%
liukenee
35%
yöhön
35%
Ehtoja vastaavia visoja ei löytynyt
Tulosjakauma
Jokaisen tuloksen saaneiden osuus
Persentiili vastausten määrän mukaan
Tuloshistoriasi
Et ole pelannut tätä visaa